<?xml version="1.0" encoding="UTF-8"?>
<collection xmlns="http://www.loc.gov/MARC21/slim">
 <record>
  <leader>05960nas a22007571  4500</leader>
  <controlfield tag="001">1/50426</controlfield>
  <controlfield tag="008">050927c19849999nyuqr1p       0   a0eng d</controlfield>
  <datafield tag="022" ind1=" " ind2=" ">
   <subfield code="a">0742-1222</subfield>
  </datafield>
  <datafield tag="035" ind1=" " ind2=" ">
   <subfield code="l">30451</subfield>
  </datafield>
  <datafield tag="040" ind1=" " ind2=" ">
   <subfield code="a">DLC</subfield>
   <subfield code="b">GR-PeUP</subfield>
  </datafield>
  <datafield tag="090" ind1=" " ind2=" ">
   <subfield code="a">Αλφαβητική σειρά</subfield>
  </datafield>
  <datafield tag="245" ind1="0" ind2="0">
   <subfield code="a">Journal of Management Information Systems</subfield>
  </datafield>
  <datafield tag="260" ind1=" " ind2=" ">
   <subfield code="a">[Armonk, N.Y. ] :</subfield>
   <subfield code="b">M.E. Sharpe, Inc.,</subfield>
   <subfield code="c">1984-</subfield>
  </datafield>
  <datafield tag="300" ind1=" " ind2=" ">
   <subfield code="a">v. :</subfield>
   <subfield code="b">ill. ;</subfield>
   <subfield code="c">24 cm.</subfield>
  </datafield>
  <datafield tag="310" ind1=" " ind2=" ">
   <subfield code="a">Quarterly</subfield>
  </datafield>
  <datafield tag="362" ind1="0" ind2=" ">
   <subfield code="a">Vol. , no. ( 2005)-v. , no. ( 2005)</subfield>
  </datafield>
  <datafield tag="546" ind1=" " ind2=" ">
   <subfield code="a">English</subfield>
  </datafield>
  <datafield tag="650" ind1=" " ind2="4">
   <subfield code="a">Management information systems</subfield>
   <subfield code="v">Periodicals.</subfield>
  </datafield>
  <datafield tag="650" ind1=" " ind2="4">
   <subfield code="a">Electronic data processing</subfield>
   <subfield code="x">Management</subfield>
   <subfield code="v">vPeriodicals.</subfield>
  </datafield>
  <datafield tag="852" ind1=" " ind2=" ">
   <subfield code="a">INST</subfield>
   <subfield code="b">UNIPILB</subfield>
   <subfield code="c">SERIALS</subfield>
   <subfield code="e">20060407</subfield>
   <subfield code="h">Αλφαβητική σειρά</subfield>
   <subfield code="p">51189</subfield>
   <subfield code="q">51189</subfield>
   <subfield code="t">NOLOAN</subfield>
   <subfield code="v">vol.22;no.1:(Εποχή)Summer;(Έτος)2005</subfield>
   <subfield code="y">23</subfield>
  </datafield>
  <datafield tag="852" ind1=" " ind2=" ">
   <subfield code="a">INST</subfield>
   <subfield code="b">UNIPILB</subfield>
   <subfield code="c">SERIALS</subfield>
   <subfield code="e">20060407</subfield>
   <subfield code="h">Αλφαβητική σειρά</subfield>
   <subfield code="p">51190</subfield>
   <subfield code="q">51190</subfield>
   <subfield code="t">NOLOAN</subfield>
   <subfield code="v">vol.22;no.2:(Εποχή)Fall;(Έτος)2005</subfield>
   <subfield code="y">23</subfield>
  </datafield>
  <datafield tag="852" ind1=" " ind2=" ">
   <subfield code="a">INST</subfield>
   <subfield code="b">UNIPILB</subfield>
   <subfield code="c">SERIALS</subfield>
   <subfield code="e">20060407</subfield>
   <subfield code="h">Αλφαβητική σειρά</subfield>
   <subfield code="p">51191</subfield>
   <subfield code="q">51191</subfield>
   <subfield code="t">NOLOAN</subfield>
   <subfield code="v">vol.22;no.3:(Εποχή)Winter;(Έτος)2005</subfield>
   <subfield code="y">23</subfield>
  </datafield>
  <datafield tag="852" ind1=" " ind2=" ">
   <subfield code="a">INST</subfield>
   <subfield code="b">UNIPILB</subfield>
   <subfield code="c">SERIALS</subfield>
   <subfield code="e">20070907</subfield>
   <subfield code="h">Αλφαβητική σειρά</subfield>
   <subfield code="p">56826</subfield>
   <subfield code="q">56826</subfield>
   <subfield code="t">NOLOAN</subfield>
   <subfield code="v">vol.23;no.1:(Εποχή)Summer;(Έτος)2006</subfield>
   <subfield code="y">23</subfield>
  </datafield>
  <datafield tag="852" ind1=" " ind2=" ">
   <subfield code="a">INST</subfield>
   <subfield code="b">UNIPILB</subfield>
   <subfield code="c">SERIALS</subfield>
   <subfield code="e">20070907</subfield>
   <subfield code="h">Αλφαβητική σειρά</subfield>
   <subfield code="p">56827</subfield>
   <subfield code="q">56827</subfield>
   <subfield code="t">NOLOAN</subfield>
   <subfield code="v">vol.23;no.2:(Εποχή)Fall;(Έτος)2006</subfield>
   <subfield code="y">23</subfield>
  </datafield>
  <datafield tag="852" ind1=" " ind2=" ">
   <subfield code="a">INST</subfield>
   <subfield code="b">UNIPILB</subfield>
   <subfield code="c">SERIALS</subfield>
   <subfield code="e">20070907</subfield>
   <subfield code="h">Αλφαβητική σειρά</subfield>
   <subfield code="p">56828</subfield>
   <subfield code="q">56828</subfield>
   <subfield code="t">NOLOAN</subfield>
   <subfield code="v">vol.23;no.3:(Εποχή)Winter;(Έτος)2006</subfield>
   <subfield code="y">23</subfield>
  </datafield>
  <datafield tag="852" ind1=" " ind2=" ">
   <subfield code="a">INST</subfield>
   <subfield code="b">UNIPILB</subfield>
   <subfield code="c">SERIALS</subfield>
   <subfield code="e">20070907</subfield>
   <subfield code="h">Αλφαβητική σειρά</subfield>
   <subfield code="p">56829</subfield>
   <subfield code="q">56829</subfield>
   <subfield code="t">NOLOAN</subfield>
   <subfield code="v">vol.23;no.4:(Εποχή)Spring;(Έτος)2007</subfield>
   <subfield code="y">23</subfield>
  </datafield>
  <datafield tag="852" ind1=" " ind2=" ">
   <subfield code="a">INST</subfield>
   <subfield code="b">UNIPILB</subfield>
   <subfield code="c">SERIALS</subfield>
   <subfield code="e">20071019</subfield>
   <subfield code="h">Αλφαβητική σειρά</subfield>
   <subfield code="p">57655</subfield>
   <subfield code="q">57655</subfield>
   <subfield code="t">NOLOAN</subfield>
   <subfield code="v">vol.24;no.1:(Εποχή)Summer;(Έτος)2007</subfield>
   <subfield code="y">23</subfield>
  </datafield>
  <datafield tag="852" ind1=" " ind2=" ">
   <subfield code="a">INST</subfield>
   <subfield code="b">UNIPILB</subfield>
   <subfield code="c">SERIALS</subfield>
   <subfield code="e">20080107</subfield>
   <subfield code="h">Αλφαβητική σειρά</subfield>
   <subfield code="p">59246</subfield>
   <subfield code="q">59246</subfield>
   <subfield code="t">NOLOAN</subfield>
   <subfield code="v">vol.24;no.2:(Εποχή)Fall;(Έτος)2007</subfield>
   <subfield code="y">23</subfield>
  </datafield>
  <datafield tag="852" ind1=" " ind2=" ">
   <subfield code="a">INST</subfield>
   <subfield code="b">UNIPILB</subfield>
   <subfield code="c">SERIALS</subfield>
   <subfield code="e">20080317</subfield>
   <subfield code="h">Αλφαβητική σειρά</subfield>
   <subfield code="p">60219</subfield>
   <subfield code="q">60219</subfield>
   <subfield code="t">NOLOAN</subfield>
   <subfield code="v">vol.24;no.3:(Εποχή)Winter;(Έτη)2007-8</subfield>
   <subfield code="y">23</subfield>
  </datafield>
  <datafield tag="852" ind1=" " ind2=" ">
   <subfield code="a">INST</subfield>
   <subfield code="b">UNIPILB</subfield>
   <subfield code="c">SERIALS</subfield>
   <subfield code="e">20080714</subfield>
   <subfield code="h">Αλφαβητική σειρά</subfield>
   <subfield code="p">61024</subfield>
   <subfield code="q">61024</subfield>
   <subfield code="t">NOLOAN</subfield>
   <subfield code="v">vol.24;no.4:(Εποχή)Spring;(Έτος)2008</subfield>
   <subfield code="y">23</subfield>
  </datafield>
  <datafield tag="852" ind1=" " ind2=" ">
   <subfield code="a">INST</subfield>
   <subfield code="b">UNIPILB</subfield>
   <subfield code="c">SERIALS</subfield>
   <subfield code="e">20091126</subfield>
   <subfield code="h">Αλφαβητική σειρά</subfield>
   <subfield code="p">65502</subfield>
   <subfield code="q">65502</subfield>
   <subfield code="t">NOLOAN</subfield>
   <subfield code="v">vol.26;no.2:(Εποχή)Fall;(Έτος)2009</subfield>
   <subfield code="y">23</subfield>
  </datafield>
  <datafield tag="852" ind1=" " ind2=" ">
   <subfield code="a">INST</subfield>
   <subfield code="b">UNIPILB</subfield>
   <subfield code="c">SERIALS</subfield>
   <subfield code="e">20100310</subfield>
   <subfield code="h">Αλφαβητική σειρά</subfield>
   <subfield code="p">67356</subfield>
   <subfield code="q">67356</subfield>
   <subfield code="t">NOLOAN</subfield>
   <subfield code="v">vol.26;no.3:(Εποχή)Winter;(Έτη)2009-10</subfield>
   <subfield code="y">23</subfield>
  </datafield>
  <datafield tag="852" ind1=" " ind2=" ">
   <subfield code="a">INST</subfield>
   <subfield code="b">UNIPILB</subfield>
   <subfield code="c">SERIALS</subfield>
   <subfield code="e">20110111</subfield>
   <subfield code="h">Αλφαβητική σειρά</subfield>
   <subfield code="p">70771</subfield>
   <subfield code="q">70771</subfield>
   <subfield code="t">NOLOAN</subfield>
   <subfield code="v">vol.27;no.2:(Εποχή)Fall;(Έτος)2010</subfield>
   <subfield code="y">23</subfield>
  </datafield>
  <datafield tag="852" ind1=" " ind2=" ">
   <subfield code="a">INST</subfield>
   <subfield code="b">UNIPILB</subfield>
   <subfield code="c">SERIALS</subfield>
   <subfield code="e">20110309</subfield>
   <subfield code="h">Αλφαβητική σειρά</subfield>
   <subfield code="p">71301</subfield>
   <subfield code="q">71301</subfield>
   <subfield code="t">NOLOAN</subfield>
   <subfield code="v">vol.27;no.1:(Εποχή)Summer;(Έτος)2010</subfield>
   <subfield code="y">23</subfield>
  </datafield>
  <datafield tag="852" ind1=" " ind2=" ">
   <subfield code="a">INST</subfield>
   <subfield code="b">UNIPILB</subfield>
   <subfield code="c">SERIALS</subfield>
   <subfield code="e">20110331</subfield>
   <subfield code="h">Αλφαβητική σειρά</subfield>
   <subfield code="p">71513</subfield>
   <subfield code="q">71513</subfield>
   <subfield code="t">NOLOAN</subfield>
   <subfield code="v">vol.27;no.3:(Εποχή)Winter;(Έτη)2010-11</subfield>
   <subfield code="y">23</subfield>
  </datafield>
  <datafield tag="852" ind1=" " ind2=" ">
   <subfield code="a">INST</subfield>
   <subfield code="b">UNIPILB</subfield>
   <subfield code="c">SERIALS</subfield>
   <subfield code="e">20110929</subfield>
   <subfield code="h">Αλφαβητική σειρά</subfield>
   <subfield code="p">72821</subfield>
   <subfield code="q">72821</subfield>
   <subfield code="t">NOLOAN</subfield>
   <subfield code="v">vol.28;no.1:(Εποχή)Summer;(Έτος)2011</subfield>
   <subfield code="y">23</subfield>
  </datafield>
  <datafield tag="852" ind1=" " ind2=" ">
   <subfield code="a">INST</subfield>
   <subfield code="b">UNIPILB</subfield>
   <subfield code="c">SERIALS</subfield>
   <subfield code="e">20120116</subfield>
   <subfield code="h">Αλφαβητική σειρά</subfield>
   <subfield code="p">73975</subfield>
   <subfield code="q">73975</subfield>
   <subfield code="t">NOLOAN</subfield>
   <subfield code="v">vol.28;no.2:(Εποχή)Fall;(Έτος)2011</subfield>
   <subfield code="y">23</subfield>
  </datafield>
  <datafield tag="852" ind1=" " ind2=" ">
   <subfield code="a">INST</subfield>
   <subfield code="b">UNIPILB</subfield>
   <subfield code="c">SERIALS</subfield>
   <subfield code="e">20120316</subfield>
   <subfield code="h">Αλφαβητική σειρά</subfield>
   <subfield code="p">74909</subfield>
   <subfield code="q">74909</subfield>
   <subfield code="t">NOLOAN</subfield>
   <subfield code="v">vol.28;no.3:(Εποχή)Winter;(Έτη)2011-12</subfield>
   <subfield code="y">23</subfield>
  </datafield>
  <datafield tag="852" ind1=" " ind2=" ">
   <subfield code="a">INST</subfield>
   <subfield code="b">UNIPILB</subfield>
   <subfield code="c">SERIALS</subfield>
   <subfield code="e">20120608</subfield>
   <subfield code="h">Αλφαβητική σειρά</subfield>
   <subfield code="p">75713</subfield>
   <subfield code="q">75713</subfield>
   <subfield code="t">NOLOAN</subfield>
   <subfield code="v">vol.28;no.4:(Εποχή)Spring;(Έτος)2012</subfield>
   <subfield code="y">23</subfield>
  </datafield>
  <datafield tag="852" ind1=" " ind2=" ">
   <subfield code="a">INST</subfield>
   <subfield code="b">UNIPILB</subfield>
   <subfield code="c">SERIALS</subfield>
   <subfield code="e">20121001</subfield>
   <subfield code="h">Αλφαβητική σειρά</subfield>
   <subfield code="p">76661</subfield>
   <subfield code="q">76661</subfield>
   <subfield code="t">NOLOAN</subfield>
   <subfield code="v">vol.29;no.1:(Εποχή)Summer;(Έτος)2012</subfield>
   <subfield code="y">23</subfield>
  </datafield>
  <datafield tag="852" ind1=" " ind2=" ">
   <subfield code="a">INST</subfield>
   <subfield code="b">UNIPILB</subfield>
   <subfield code="c">SERIALS</subfield>
   <subfield code="e">20130121</subfield>
   <subfield code="h">Αλφαβητική σειρά</subfield>
   <subfield code="p">77553</subfield>
   <subfield code="q">77553</subfield>
   <subfield code="t">NOLOAN</subfield>
   <subfield code="v">vol.29;no.2:(Εποχή)Fall;(Έτος)2012</subfield>
   <subfield code="y">23</subfield>
  </datafield>
  <datafield tag="852" ind1=" " ind2=" ">
   <subfield code="a">INST</subfield>
   <subfield code="b">UNIPILB</subfield>
   <subfield code="c">SERIALS</subfield>
   <subfield code="e">20130411</subfield>
   <subfield code="h">Αλφαβητική σειρά</subfield>
   <subfield code="p">78989</subfield>
   <subfield code="q">78989</subfield>
   <subfield code="t">NOLOAN</subfield>
   <subfield code="v">vol.29;no.3:(Εποχή)Winter;(Έτος)2012</subfield>
   <subfield code="y">23</subfield>
  </datafield>
  <datafield tag="856" ind1="4" ind2="1">
   <subfield code="u">http://mesharpe.metapress.com/app/home/journal.asp?referrer=backto&amp;backto=linkingpublicationresults,1:106046,1;&amp;absoluteposition=1#A1</subfield>
  </datafield>
  <datafield tag="900" ind1=" " ind2=" ">
   <subfield code="a">Vol. 29 no. 4 (Spring 2013)</subfield>
   <subfield code="b">Οφειλόμενο</subfield>
   <subfield code="c">13/06/2017</subfield>
  </datafield>
  <datafield tag="900" ind1=" " ind2=" ">
   <subfield code="a">Vol. 22 no. 4 (Spring 2006)</subfield>
   <subfield code="b">Οφειλόμενο</subfield>
   <subfield code="c">02/07/2006</subfield>
  </datafield>
  <datafield tag="900" ind1=" " ind2=" ">
   <subfield code="a">Vol. 25 no. 1 (Summer 2008)</subfield>
   <subfield code="b">Οφειλόμενο</subfield>
   <subfield code="c">20/05/2009</subfield>
  </datafield>
  <datafield tag="900" ind1=" " ind2=" ">
   <subfield code="a">Vol. 25 no. 2 (Fall 2008)</subfield>
   <subfield code="b">Οφειλόμενο</subfield>
   <subfield code="c">26/11/2009</subfield>
  </datafield>
  <datafield tag="900" ind1=" " ind2=" ">
   <subfield code="a">Vol. 25 no. 3 (Winter 2008)</subfield>
   <subfield code="b">Οφειλόμενο</subfield>
   <subfield code="c">26/11/2009</subfield>
  </datafield>
  <datafield tag="900" ind1=" " ind2=" ">
   <subfield code="a">Vol. 25 no. 4 (Spring 2009)</subfield>
   <subfield code="b">Οφειλόμενο</subfield>
   <subfield code="c">09/02/2010</subfield>
  </datafield>
  <datafield tag="900" ind1=" " ind2=" ">
   <subfield code="a">Vol. 26 no. 1 (Summer 2009)</subfield>
   <subfield code="b">Οφειλόμενο</subfield>
   <subfield code="c">13/05/2010</subfield>
  </datafield>
  <datafield tag="900" ind1=" " ind2=" ">
   <subfield code="a">Vol. 26 no. 4 (Spring 2010)</subfield>
   <subfield code="b">Οφειλόμενο</subfield>
   <subfield code="c">08/02/2011</subfield>
  </datafield>
  <datafield tag="900" ind1=" " ind2=" ">
   <subfield code="a">Vol. 27 no. 4 (Spring 2011)</subfield>
   <subfield code="b">Οφειλόμενο</subfield>
   <subfield code="c">27/01/2012</subfield>
  </datafield>
  <datafield tag="950" ind1=" " ind2=" ">
   <subfield code="a">01/06/2005</subfield>
   <subfield code="c">ΧΑΡΤΣΙΑΣ</subfield>
   <subfield code="d">673</subfield>
  </datafield>
  <datafield tag="951" ind1=" " ind2=" ">
   <subfield code="a">Vol. 29 no. 1 (Summer 2012) - Vol. 29 no. 3 (Winter 2012)</subfield>
   <subfield code="b">Main run</subfield>
  </datafield>
  <datafield tag="951" ind1=" " ind2=" ">
   <subfield code="a">Vol. 22 no. 1 (Summer 2005) - Vol. 22 no. 3 (Winter 2005)</subfield>
   <subfield code="b">Main run</subfield>
  </datafield>
  <datafield tag="951" ind1=" " ind2=" ">
   <subfield code="a">Vol. 23 no. 1 (Summer 2006) - Vol. 23 no. 4 (Spring 2007)</subfield>
   <subfield code="b">Main run</subfield>
  </datafield>
  <datafield tag="951" ind1=" " ind2=" ">
   <subfield code="a">Vol. 24 no. 1 (Summer 2007) - Vol. 24 no. 2 (Fall 2007)</subfield>
   <subfield code="b">Main run</subfield>
  </datafield>
  <datafield tag="951" ind1=" " ind2=" ">
   <subfield code="a">Vol. 24 no. 3  (Winter 2007-8)</subfield>
   <subfield code="b">Main run</subfield>
  </datafield>
  <datafield tag="951" ind1=" " ind2=" ">
   <subfield code="a">Vol. 24 no. 4 (Spring 2008)</subfield>
   <subfield code="b">Main run</subfield>
  </datafield>
  <datafield tag="951" ind1=" " ind2=" ">
   <subfield code="a">Vol. 26 no. 2 (Fall 2009)</subfield>
   <subfield code="b">Main run</subfield>
  </datafield>
  <datafield tag="951" ind1=" " ind2=" ">
   <subfield code="a">Vol. 26 no. 3  (Winter 2009-10)</subfield>
   <subfield code="b">Main run</subfield>
  </datafield>
  <datafield tag="951" ind1=" " ind2=" ">
   <subfield code="a">Vol. 27 no. 1 (Summer 2010) - Vol. 27 no. 2 (Fall 2010)</subfield>
   <subfield code="b">Main run</subfield>
  </datafield>
  <datafield tag="951" ind1=" " ind2=" ">
   <subfield code="a">Vol. 27 no. 3  (Winter 2010-11)</subfield>
   <subfield code="b">Main run</subfield>
  </datafield>
  <datafield tag="951" ind1=" " ind2=" ">
   <subfield code="a">Vol. 28 no. 1 (Summer 2011) - Vol. 28 no. 2 (Fall 2011)</subfield>
   <subfield code="b">Main run</subfield>
  </datafield>
  <datafield tag="951" ind1=" " ind2=" ">
   <subfield code="a">Vol. 28 no. 3  (Winter 2011-12)</subfield>
   <subfield code="b">Main run</subfield>
  </datafield>
  <datafield tag="951" ind1=" " ind2=" ">
   <subfield code="a">Vol. 28 no. 4 (Spring 2012)</subfield>
   <subfield code="b">Main run</subfield>
  </datafield>
 </record>
</collection>
